Les mathematiques de l'ouvrier moderne.Arthme'tique Alge`bre /
Gespeichert in:
| 1. Verfasser: | |
|---|---|
| Format: | Buch |
| Sprache: | Vietnamese |
| Veröffentlicht: |
Paris :
Dunod ,
1958
|
| Schlagworte: | |
| Tags: |
Tag hinzufügen
Keine Tags, Fügen Sie den ersten Tag hinzu!
|
| Thư viện lưu trữ: | Thư viện Trường CĐ Kỹ Thuật Cao Thắng |
|---|
| LEADER | 00550nam a2200181 a 4500 | ||
|---|---|---|---|
| 001 | TVCDKTCT2107 | ||
| 003 | Thư viện trường Cao đẳng Kỹ thuật Cao Thắng | ||
| 005 | 20050813000000 | ||
| 008 | 050813 | ||
| 980 | \ | \ | |a Thư viện Trường CĐ Kỹ Thuật Cao Thắng |
| 024 | |a RG_1 #1 eb0 i1 | ||
| 041 | 0 | # | |a vie |
| 082 | # | # | |a 510 / |b V200Z-l |
| 100 | 1 | # | |a L Vezo |
| 245 | 0 | 0 | |a Les mathematiques de l'ouvrier moderne.Arthme'tique Alge`bre / |c L Vezo |
| 260 | # | # | |a Paris : |b Dunod , |c 1958 |
| 300 | # | # | |a 269tr. ; |c 20cm |
| 650 | # | 4 | |a Toán học |